000 00284nam a2200097Ia 4500
001 695445
005 20250826161953.0
008 250824s9999 xx 000 0 und d
245 0 _aARABA SEVDASI (ANTİK OKUL KLASİKLERİ)
_cRECAİZADE MAHMUD EKREM
260 _bANTİK DÜNYA KLASİKLERİ
999 _c695445
_d695445